Navaloka Nirmata, the Man You Cannot Ignore (Record no. 4814)
[ view plain ]
| 000 -LEADER | |
|---|---|
| fixed length control field | 00572nam a2200229 a 4500 |
| 020 ## - INTERNATIONAL STANDARD BOOK NUMBER | |
| ISBN | |
| 082 00 - DEWEY DECIMAL CLASSIFICATION NUMBER | |
| Classification number | 232.9 |
| Author Cutter | UBS |
| 245 ## - TITLE STATEMENT | |
| Title | Navaloka Nirmata, the Man You Cannot Ignore |
| 260 ## - PUBLICATION, DISTRIBUTION, ETC. (IMPRINT) | |
| Place of publication | Bangalore |
| Name of publisher | Bible Society of India |
| Year of publication | 1971 |
| 300 ## - PHYSICAL DESCRIPTION | |
| Number of Pages | 111p |
| 500 ## - GENERAL NOTE | |
| General note | includes index and biblioraphy |
| 505 2# - FORMATTED CONTENTS NOTE | |
| Formatted contents note | ill |
| 650 ## - SUBJECT ADDED ENTRY--TOPICAL TERM | |
| Topical Term | Jesus Christ-Biography |
| 942 ## - ADDED ENTRY ELEMENTS (KOHA) | |
| Koha item type | Books |
| Collection code | Home library | Current library | Date acquired | Cost, normal purchase price | Full call number | Accession Number | Koha item type |
|---|---|---|---|---|---|---|---|
| Henry Martyn Institute Library | Henry Martyn Institute Library | 06/19/2007 | 5.00 | 232.9 UBS | 07526 | Books |
